[Event "CZE-chT2A 1920"]
[Site "Czech Republic"]
[Date "2019.10.13"]
[Round "1.3"]
[White "Stinka, Jakub"]
[Black "Novak, Martin"]
[Result "1-0"]
[WhiteElo "2263"]
[BlackElo "1939"]
[PlyCount "37"]
[EventDate "2019.10.13"]
[EventType "team-tourn"]
[EventRounds "11"]
[EventCountry "CZE"]
[SourceTitle "EXT 2024"]
[Source "ChessBase"]
[SourceDate "2023.10.10"]
[SourceVersion "1"]
[SourceVersionDate "2023.10.10"]
[SourceQuality "1"]
[WhiteTeam "Pisek"]
[BlackTeam "Strakonice"]
[WhiteTeamCountry "CZE"]
[BlackTeamCountry "CZE"]

1. d4 d5 2. c4 e6 3. Nc3 c6 4. e4 dxe4 5. Nxe4 Bb4+ 6. Bd2 Qxd4 7. Bxb4 Qxe4+ 8. Be2 Na6 9. Bd6 Bd7 10. Nf3 f6 11. 0-0 Ne7 12. Re1 c5 13. Ne5 Qd4 14. Nxd7 Kxd7 15. Bxc5 Qxd1 16. Raxd1+ Ke8 17. Ba3 Rd8 18. Bh5+ g6 19. Rxe6 1-0

[Event "CZE-chT2A 1819"]
[Site "Czech Republic"]
[Date "2018.11.18"]
[Round "3.6"]
[White "Fiala, Jan"]
[Black "Novak, Martin"]
[Result "1/2-1/2"]
[WhiteElo "2027"]
[BlackElo "1882"]
[PlyCount "45"]
[EventDate "2018.10.14"]
[EventType "team-tourn"]
[EventRounds "11"]
[EventCountry "CZE"]
[SourceTitle "EXT 2022"]
[Source "ChessBase"]
[SourceDate "2021.10.06"]
[SourceVersion "1"]
[SourceVersionDate "2021.10.06"]
[SourceQuality "1"]
[WhiteTeam "Pisek"]
[BlackTeam "Strakonice"]
[WhiteTeamCountry "CZE"]
[BlackTeamCountry "CZE"]

1. e4 e6 2. d4 d5 3. Nc3 Bb4 4. e5 c5 5. a3 Bxc3+ 6. bxc3 Ne7 7. Qg4 Qc7 8. Qxg7 Rg8 9. Qxh7 cxd4 10. Ne2 Nbc6 11. f4 dxc3 12. Qd3 Bd7 13. Qxc3 Rc8 14. Bd2 Nf5 15. Rb1 a6 16. h4 b5 17. Rh3 Qb6 18. Qd3 Na5 19. h5 Rc4 20. h6 Re4 21. h7 Rh8 22. c3 Nc4 23. Bc1 1/2-1/2

[Event "Klatovy op-A 24th"]
[Site "Klatovy"]
[Date "2018.06.30"]
[Round "1"]
[White "Furman, Boris"]
[Black "Novak, Martin"]
[Result "1-0"]
[WhiteElo "2203"]
[BlackElo "1945"]
[PlyCount "59"]
[EventDate "2018.06.30"]
[EventType "swiss"]
[EventRounds "9"]
[EventCountry "CZE"]
[SourceTitle "CBM 185 Extra"]
[Source "ChessBase"]
[SourceDate "2018.07.29"]
[SourceVersion "1"]
[SourceVersionDate "2018.07.29"]
[SourceQuality "1"]

1. d4 d5 2. c4 e6 3. cxd5 exd5 4. Nc3 c6 5. Qc2 Nf6 6. Bg5 Be7 7. e3 Nbd7 8. Bd3 0-0 9. Nf3 Re8 10. 0-0 Nf8 11. h3 Ng6 12. Ne5 Nh5 13. Bxe7 Qxe7 14. f4 f5 15. Qf2 Nxe5 16. fxe5 g6 17. Ne2 Ng7 18. h4 a5 19. Nf4 Be6 20. Rac1 Bf7 21. Qg3 Kh8 22. Rc2 Ne6 23. Nxe6 Qxe6 24. h5 Rg8 25. hxg6 hxg6 26. Qg5 Rg7 27. g4 Rf8 28. Rh2+ Kg8 29. Qh6 Be8 30. Bxf5 1-0

[Event "CZE-chT2C 1718"]
[Site "Czech Republic"]
[Date "2018.01.28"]
[Round "7.4"]
[White "Novak, Martin"]
[Black "Plesek, Jiri"]
[Result "1/2-1/2"]
[WhiteElo "1948"]
[BlackElo "2142"]
[PlyCount "84"]
[EventDate "2017.10.15"]
[EventType "team-tourn"]
[EventRounds "11"]
[EventCountry "CZE"]
[SourceTitle "EXT 2022"]
[Source "ChessBase"]
[SourceDate "2021.10.06"]
[SourceVersion "1"]
[SourceVersionDate "2021.10.06"]
[SourceQuality "1"]
[WhiteTeam "Ceske Budejovice"]
[BlackTeam "Pankrac II"]
[WhiteTeamCountry "CZE"]
[BlackTeamCountry "CZE"]

1. e4 c6 2. d4 d5 3. Nc3 dxe4 4. Nxe4 Bf5 5. Ng3 Bg6 6. h4 h6 7. Nf3 Nd7 8. h5 Bh7 9. Bd3 Bxd3 10. Qxd3 e6 11. Bd2 Qc7 12. Ne4 Ngf6 13. 0-0-0 0-0-0 14. Qe2 Nxe4 15. Qxe4 Bd6 16. Kb1 Kb8 17. c4 c5 18. Bc3 cxd4 19. Rxd4 Nc5 20. Qc2 f6 21. Rhd1 e5 22. Rd5 Ne6 23. g3 Bc5 24. Nxe5 Nd4 25. Bxd4 Bxd4 26. R1xd4 fxe5 27. Rxd8+ Rxd8 28. Rxd8+ Qxd8 29. Qe2 Qd4 30. Kc2 Kc7 31. f3 Kb6 32. Qd3 Qc5 33. g4 a5 34. a3 a4 35. Qd5 Qxd5 36. cxd5 Kc5 37. Kc3 b5 38. b3 axb3 39. Kxb3 Kxd5 40. Kb4 Kc6 41. Kb3 Kd5 42. Kb4 Kc6 1/2-1/2

[Event "CZE-chT U18 Extraliga West 1718"]
[Site "Czech Republic"]
[Date "2018.01.20"]
[Round "6.2"]
[White "Novak, Martin"]
[Black "Vitak, Jiri"]
[Result "1/2-1/2"]
[WhiteElo "1948"]
[BlackElo "2071"]
[PlyCount "76"]
[EventDate "2017.10.07"]
[EventType "team-tourn"]
[EventRounds "11"]
[EventCountry "CZE"]
[SourceTitle "EXT 2023"]
[Source "ChessBase"]
[SourceDate "2022.10.05"]
[SourceVersion "1"]
[SourceVersionDate "2022.10.05"]
[SourceQuality "1"]
[WhiteTeam "Ceske Budejovice (U18)"]
[BlackTeam "Liberec Desko (U18)"]
[WhiteTeamCountry "CZE"]
[BlackTeamCountry "CZE"]

1. e4 c5 2. Nf3 d6 3. d4 cxd4 4. Nxd4 Nf6 5. Nc3 a6 6. f3 e5 7. Nb3 Be7 8. Be3 Be6 9. Qd2 Nbd7 10. g4 b5 11. 0-0-0 0-0 12. g5 b4 13. Nd5 Nxd5 14. exd5 Bf5 15. h4 Qc7 16. Bd3 Bxd3 17. Qxd3 Rfc8 18. h5 Nb6 19. Kb1 Nc4 20. Bc1 a5 21. g6 Bf6 22. Rdg1 a4 23. Nd2 Nxd2+ 24. Bxd2 b3 25. cxb3 e4 26. gxf7+ Kf8 27. fxe4 axb3 28. Qxb3 Rcb8 29. Bb4 Rxb4 30. Qxb4 Rb8 31. Qd2 Rxb2+ 32. Qxb2 Bxb2 33. Kxb2 Qb6+ 34. Kc2 Qf2+ 35. Kd3 Qf3+ 36. Kd4 Qf2+ 37. Kd3 Qf3+ 38. Kd4 Qf2+ 1/2-1/2

[Event "CZE-chT U18 Extraliga West 1718"]
[Site "Czech Republic"]
[Date "2017.10.07"]
[Round "2.2"]
[White "Novak, Martin"]
[Black "Stanek, Ondrej1111"]
[Result "1/2-1/2"]
[WhiteElo "1948"]
[BlackElo "1910"]
[PlyCount "65"]
[EventDate "2017.10.07"]
[EventType "team-tourn"]
[EventRounds "11"]
[EventCountry "CZE"]
[SourceTitle "EXT 2023"]
[Source "ChessBase"]
[SourceDate "2022.10.05"]
[SourceVersion "1"]
[SourceVersionDate "2022.10.05"]
[SourceQuality "1"]
[WhiteTeam "Ceske Budejovice (U18)"]
[BlackTeam "Praha Bohemians (U18)"]
[WhiteTeamCountry "CZE"]
[BlackTeamCountry "CZE"]

1. e4 e5 2. Nf3 Nc6 3. Bb5 a6 4. Ba4 Nf6 5. 0-0 Be7 6. Re1 b5 7. Bb3 0-0 8. h3 d6 9. c3 Na5 10. Bc2 c5 11. d4 Qc7 12. d5 Bd7 13. Nbd2 Rab8 14. b3 Nb7 15. Nf1 c4 16. b4 a5 17. a3 axb4 18. axb4 Ra8 19. Be3 Rfc8 20. Ng3 Qd8 21. Qb1 Rxa1 22. Qxa1 Ra8 23. Qb2 Ra6 24. Ra1 Qa8 25. Rxa6 Qxa6 26. Bb1 Nd8 27. Qa2 Qxa2 28. Bxa2 Ne8 29. Bb6 g6 30. Nd2 Nb7 31. f3 Bd8 32. Bxd8 Nxd8 33. Bb1 1/2-1/2

[Event "CZE-chT rap"]
[Site "Pardubice"]
[Date "2014.07.10"]
[Round "1.4"]
[White "Kuba, Jindrich"]
[Black "Novak, Martin"]
[Result "1-0"]
[WhiteElo "2313"]
[BlackElo "1816"]
[PlyCount "89"]
[EventDate "2014.07.10"]
[EventType "team-swiss"]
[EventRounds "7"]
[EventCountry "CZE"]
[SourceTitle "CBM 161 Extra"]
[Source "ChessBase"]
[SourceDate "2014.08.29"]
[SourceVersion "1"]
[SourceVersionDate "2014.08.29"]
[SourceQuality "1"]

1. e4 c5 2. Nf3 d6 3. d4 cxd4 4. Nxd4 Nf6 5. Nc3 g6 6. Bg5 Bg7 7. Qd2 h6 8. Bh4 Nc6 9. Bb5 Bd7 10. Nf3 a6 11. Be2 b5 12. a3 g5 13. Bg3 Nh5 14. 0-0 Rc8 15. Rad1 Nxg3 16. fxg3 Qb6+ 17. Kh1 Qa7 18. Nd5 Be6 19. c3 Qc5 20. b4 Qa7 21. c4 bxc4 22. Bxc4 Ne5 23. Nxe5 Bxe5 24. Qe2 a5 25. Bb5+ Kf8 26. Ba6 Ra8 27. Bc4 axb4 28. axb4 Rc8 29. Ne3 Kg7 30. Bxe6 fxe6 31. Ng4 Bc3 32. Qb5 Rhf8 33. Rxf8 Rxf8 34. Qc4 Be5 35. Qxe6 Bf6 36. h3 h5 37. Nxf6 Rxf6 38. Qd5 Qa4 39. b5 Qb4 40. Qxg5+ Kf8 41. Rc1 Kf7 42. Qxh5+ Kg7 43. Qg5+ Kf7 44. Rc8 Rg6 45. Qf5+ 1-0

[Event "Czech Fed-ch U14"]
[Site "Hrdonov"]
[Date "2013.10.29"]
[Round "4"]
[White "Novak, Martin"]
[Black "Anaskin, Arsenij"]
[Result "0-1"]
[WhiteElo "1728"]
[BlackElo "1916"]
[PlyCount "110"]
[EventDate "2013.10.26"]
[EventType "swiss"]
[EventRounds "9"]
[EventCountry "CZE"]
[SourceTitle "EXT 2016"]
[Source "ChessBase"]
[SourceDate "2015.10.08"]
[SourceVersion "1"]
[SourceVersionDate "2015.10.08"]
[SourceQuality "1"]

1. e4 e5 2. Nc3 Nc6 3. Bc4 Nf6 4. d3 Bc5 5. f4 d6 6. Nf3 a6 7. a3 Bg4 8. h3 Bxf3 9. Qxf3 Nd4 10. Qg3 Qe7 11. Kd1 exf4 12. Bxf4 Nh5 13. Qg4 Nxf4 14. Qxf4 Ne6 15. Qg3 c6 16. Kd2 0-0-0 17. Rae1 Bd4 18. Rhf1 Be5 19. Qg4 Kb8 20. Re2 h5 21. Qf5 Nd4 22. Qxf7 Qxf7 23. Rxf7 Nxe2 24. Kxe2 Rhf8 25. Rxf8 Rxf8 26. Be6 Rf6 27. Bg8 Kc7 28. Nd1 b5 29. b3 Bd4 30. Ne3 Bxe3 31. Kxe3 Rf1 32. a4 Rc1 33. axb5 axb5 34. c4 b4 35. c5 Rxc5 36. Kf4 g5+ 37. Kf3 Rc3 38. Bc4 Kd7 39. h4 gxh4 40. Kf4 Rc2 41. Kg5 Rxg2+ 42. Kxh4 Rh2+ 43. Kg3 Rh1 44. Kg2 Rd1 45. Kg3 Ke7 46. Kh4 Rh1+ 47. Kg5 h4 48. Kg4 Kf6 49. Ba6 Ke5 50. Bb7 c5 51. Bd5 Kd4 52. Bc4 h3 53. Kg3 Rd1 54. Kxh3 Rxd3+ 55. Bxd3 Kxd3 0-1

[Event "Tabor op"]
[Site "Tabor"]
[Date "2013.08.01"]
[Round "6"]
[White "Zapletal, Jindrich"]
[Black "Novak, Martin"]
[Result "1-0"]
[WhiteElo "2154"]
[BlackElo "1705"]
[PlyCount "59"]
[EventDate "2013.07.28"]
[EventType "swiss"]
[EventRounds "9"]
[EventCountry "CZE"]
[SourceTitle "CBM 155 Extra"]
[Source "ChessBase"]
[SourceDate "2013.08.26"]
[SourceVersion "1"]
[SourceVersionDate "2013.08.26"]
[SourceQuality "1"]

1. e4 c5 2. Nf3 d6 3. Nc3 Nf6 4. Bc4 Nc6 5. 0-0 g6 6. d3 Bg7 7. a3 0-0 8. h3 a6 9. Nh2 b5 10. Ba2 Qb6 11. Be3 e6 12. f4 Rd8 13. f5 exf5 14. g4 fxg4 15. Rxf6 Bxf6 16. Nd5 Qa7 17. Nxf6+ Kg7 18. Nhxg4 h5 19. Bh6+ Kh8 20. Ne3 Qe7 21. Qf3 Nd4 22. Qf2 Bxh3 23. Nfd5 Qe5 24. Bf4 Qg7 25. Bg5 Kg8 26. Bf6 Qh6 27. c3 Ne6 28. Qh4 Bf5 29. exf5 g5 30. Ng4 1-0

[Event "Tabor op"]
[Site "Tabor"]
[Date "2013.07.29"]
[Round "3"]
[White "Novak, Martin"]
[Black "Can, Vaclav"]
[Result "1-0"]
[WhiteElo "1705"]
[BlackElo "1929"]
[PlyCount "79"]
[EventDate "2013.07.28"]
[EventType "swiss"]
[EventRounds "9"]
[EventCountry "CZE"]
[SourceTitle "CBM 155 Extra"]
[Source "ChessBase"]
[SourceDate "2013.08.26"]
[SourceVersion "1"]
[SourceVersionDate "2013.08.26"]
[SourceQuality "1"]

1. e4 c5 2. Nf3 d6 3. d4 cxd4 4. Nxd4 Nf6 5. Nc3 a6 6. Bc4 e6 7. Qe2 Be7 8. Bb3 0-0 9. Be3 Qc7 10. 0-0-0 b5 11. a3 Nc6 12. f3 Na5 13. Ba2 Nc4 14. Ncxb5 axb5 15. Nxb5 Qa5 16. Qxc4 d5 17. Qc7 Qxb5 18. Qxe7 dxe4 19. fxe4 Nxe4 20. Bc5 Qxc5 21. Qxc5 Nxc5 22. Rhe1 Bb7 23. g3 Rfd8 24. Rxd8+ Rxd8 25. b4 Ne4 26. Kb2 Rd2 27. a4 Kf8 28. a5 Nd6 29. h4 Nb5 30. Bc4 Nd6 31. Bd3 Rg2 32. a6 Ba8 33. Re3 Bd5 34. b5 Ne4 35. Bxe4 Bxe4 36. a7 Bd5 37. Rd3 Be4 38. Rc3 Ke7 39. Rc7+ Kd6 40. b6 1-0

[Event "Klatovy op-B"]
[Site "Klatovy"]
[Date "2013.07.07"]
[Round "9"]
[White "Novak, Martin"]
[Black "Hlavsa, Filip"]
[Result "1/2-1/2"]
[WhiteElo "1720"]
[BlackElo "1885"]
[PlyCount "62"]
[EventDate "2013.06.29"]
[EventType "swiss"]
[EventRounds "9"]
[EventCountry "CZE"]
[SourceTitle "EXT 2014"]
[Source "ChessBase"]
[SourceDate "2013.11.20"]
[SourceVersion "1"]
[SourceVersionDate "2013.11.20"]
[SourceQuality "1"]

1. e4 d6 2. d4 Nd7 3. Nf3 e5 4. Bc4 exd4 5. Qxd4 Nb6 6. Bb3 Be6 7. Nc3 c5 8. Qd1 c4 9. Ba4+ Nxa4 10. Nxa4 Nf6 11. Nc3 Be7 12. Nd4 0-0 13. Nxe6 fxe6 14. 0-0 d5 15. exd5 exd5 16. Re1 Bc5 17. Bg5 Bxf2+ 18. Kxf2 Qb6+ 19. Be3 Ng4+ 20. Kg1 Nxe3 21. Na4 Qf6 22. Qd2 d4 23. c3 Qg6 24. Re2 Qf5 25. h3 Rae8 26. cxd4 Nd5 27. Rae1 Rxe2 28. Qxe2 b5 29. Nc5 Nf4 30. Qe4 Qg5 31. Ne6 Nxe6 1/2-1/2

[Event "Klatovy op-B"]
[Site "Klatovy"]
[Date "2013.07.05"]
[Round "7"]
[White "Novak, Martin"]
[Black "Rychtecky, Pavel"]
[Result "1-0"]
[WhiteElo "1720"]
[BlackElo "1750"]
[PlyCount "125"]
[EventDate "2013.06.29"]
[EventType "swiss"]
[EventRounds "9"]
[EventCountry "CZE"]
[SourceTitle "EXT 2014"]
[Source "ChessBase"]
[SourceDate "2013.11.20"]
[SourceVersion "1"]
[SourceVersionDate "2013.11.20"]
[SourceQuality "1"]

1. e4 e5 2. Nf3 Nc6 3. d4 exd4 4. c3 Nf6 5. e5 Nxe5 6. Nxe5 Qe7 7. Qe2 dxc3 8. Nxc3 d6 9. Nf3 Bg4 10. Qxe7+ Bxe7 11. Be2 0-0 12. Be3 a6 13. 0-0 h6 14. Rfd1 Rfd8 15. Rac1 c5 16. Bc4 Be6 17. Nd5 Nxd5 18. Bxd5 Rab8 19. Rd2 b5 20. Rcd1 a5 21. a3 Kf8 22. Bf4 Rb6 23. Be3 Rbb8 24. b4 Bxd5 25. Rxd5 axb4 26. axb4 Rdc8 27. bxc5 dxc5 28. Ne5 Ke8 29. Nd7 Rb7 30. Nxc5 Rbc7 31. Ne4 b4 32. Nd6+ Bxd6 33. Rxd6 Rb7 34. Rb1 b3 35. Rdd1 b2 36. Bd4 Rd8 37. Re1+ Kf8 38. Rxb2 Rxb2 39. Bxb2 Rd2 40. Ba3+ Kg8 41. g3 Ra2 42. Bd6 Rd2 43. Bf4 Ra2 44. h4 f6 45. Kg2 Rb2 46. Kf3 h5 47. Rd1 g6 48. Be3 Rb5 49. Rd8+ Kf7 50. Rd7+ Ke6 51. Rc7 Ra5 52. Rc6+ Kf7 53. Bd4 Rf5+ 54. Ke4 Kg7 55. Rxf6 Rxf6 56. Bxf6+ Kxf6 57. Kf4 Kf7 58. Kg5 Kg7 59. f3 Kf7 60. Kh6 Kf6 61. g4 hxg4 62. fxg4 Kf7 63. g5 1-0

[Event "Czech Fed-ch U14"]
[Site "Hrdonov"]
[Date "2012.10.23"]
[Round "5"]
[White "Novak, Martin"]
[Black "Horak, Martin"]
[Result "1/2-1/2"]
[WhiteElo "1689"]
[BlackElo "1802"]
[PlyCount "88"]
[EventDate "2012.10.20"]
[EventType "swiss"]
[EventRounds "9"]
[EventCountry "CZE"]
[SourceTitle "CBM 151 Extra"]
[Source "ChessBase"]
[SourceDate "2012.12.18"]
[SourceVersion "1"]
[SourceVersionDate "2012.12.18"]
[SourceQuality "1"]

1. e4 c5 2. Nf3 d6 3. d4 cxd4 4. Nxd4 Nf6 5. Nc3 g6 6. Be3 Bg7 7. f3 0-0 8. Bc4 Nc6 9. Qd2 Bd7 10. 0-0-0 Rc8 11. Bb3 Nxd4 12. Bxd4 b5 13. Bxa7 b4 14. Nd5 Nxd5 15. Bxd5 Ba4 16. b3 Bc3 17. Qe3 Qa5 18. Qb6 Qxb6 19. Bxb6 Bb5 20. e5 dxe5 21. Be4 Bc6 22. Kb1 Bxe4 23. fxe4 Rc6 24. Bd8 Re8 25. Rd7 Rd6 26. Rxd6 exd6 27. Bc7 Re6 28. Rd1 Bd4 29. Ba5 Bc5 30. c3 bxc3 31. Bxc3 f5 32. exf5 gxf5 33. b4 Ba7 34. g3 e4 35. Bd4 Bxd4 36. Rxd4 Kf7 37. Kc2 Ke7 38. Kd2 Kd7 39. Ke3 Kc6 40. a4 Re5 41. Rd2 Rd5 42. b5+ Kc5 43. Rxd5+ Kxd5 44. a5 Ke5 1/2-1/2

[Event "EU-ch U12"]
[Site "Prague"]
[Date "2012.08.22"]
[Round "6"]
[White "Novak, Martin"]
[Black "Pilch, David"]
[Result "1-0"]
[WhiteElo "1720"]
[BlackElo "1603"]
[PlyCount "27"]
[EventDate "2012.08.17"]
[EventType "swiss"]
[EventRounds "9"]
[EventCountry "CZE"]
[SourceTitle "CBM 150 Extra"]
[Source "ChessBase"]
[SourceDate "2012.10.19"]
[SourceVersion "1"]
[SourceVersionDate "2012.10.19"]
[SourceQuality "1"]

1. e4 d5 2. exd5 Nf6 3. d4 Nxd5 4. c4 Nb6 5. Nf3 Bg4 6. c5 Nd5 7. Qb3 b6 8. Ne5 Be6 9. Bb5+ Nd7 10. Bxd7+ Bxd7 11. Qxd5 e6 12. Qxd7+ Qxd7 13. Nxd7 Kxd7 14. cxb6 1-0

[Event "EU-ch U12"]
[Site "Prague"]
[Date "2012.08.17"]
[Round "1"]
[White "Shakhov, Mykhail"]
[Black "Novak, Martin"]
[Result "1-0"]
[WhiteElo "1781"]
[BlackElo "1720"]
[PlyCount "47"]
[EventDate "2012.08.17"]
[EventType "swiss"]
[EventRounds "9"]
[EventCountry "CZE"]
[SourceTitle "CBM 150 Extra"]
[Source "ChessBase"]
[SourceDate "2012.10.19"]
[SourceVersion "1"]
[SourceVersionDate "2012.10.19"]
[SourceQuality "1"]

1. d4 Nf6 2. c4 g6 3. Nc3 d5 4. cxd5 Nxd5 5. e4 Nxc3 6. bxc3 Bg7 7. Bc4 c5 8. Ne2 Nc6 9. Be3 0-0 10. 0-0 Na5 11. Bd3 c4 12. Bc2 Nc6 13. f4 e6 14. f5 exf5 15. exf5 Qe7 16. Bf4 g5 17. Bd2 h6 18. Kh1 Re8 19. Ng3 Qd6 20. Qh5 Bf8 21. Ne4 Qd8 22. Bxg5 hxg5 23. Nxg5 Bg7 24. f6 1-0